Economía política y progreso en el siglo de las luces / (Record no. 62113)
[ view plain ]
| 000 -LEADER | |
|---|---|
| campo de control de longitud fija | 00645nam a2200193 i 4500 |
| 001 - NÚMERO DE CONTROL | |
| campo de control | 62113 |
| 003 - IDENTIFICADOR DE NÚMERO DE CONTROL | |
| campo de control | ES-MaACL |
| 007 - CAMPO FIJO DE DESCRIPCIÓN FÍSICA--INFORMACIÓN GENERAL | |
| campo de control de longitud fija | t| |
| 008 - DATOS DE LONGITUD FIJA--INFORMACIÓN GENERAL | |
| campo de control de longitud fija | 031118s1974 sp ||||1| spa d |
| 100 1# - ENTRADA PRINCIPAL--NOMBRE DE PERSONA | |
| Nombre de persona | Faure-Soulet, J. F. |
| 9 (RLIN) | 48970 |
| 245 10 - MENCIÓN DEL TÍTULO | |
| Título | Economía política y progreso en el siglo de las luces / |
| Mención de responsabilidad, etc. | J.F. Faure-Soulet ; prefacio de P. Harsin ; [traducción de J. Gallifa]. |
| 260 ## - PUBLICACIÓN, DISTRIBUCIÓN, ETC. | |
| Lugar de publicación, distribución, etc. | [Madrid] : |
| Nombre del editor, distribuidor, etc. | Revista de Trabajo, |
| Fecha de publicación, distribución, etc. | [1974] |
| 300 ## - DESCRIPCIÓN FÍSICA | |
| Extensión | 428 p. ; |
| Dimensiones | 20 cm. |
| 700 1# - ENTRADA AGREGADA--NOMBRE PERSONAL | |
| Nombre de persona | Harsin, P. |
| 9 (RLIN) | 61954 |
| 700 1# - ENTRADA AGREGADA--NOMBRE PERSONAL | |
| Nombre de persona | Gallifa, J. |
| 9 (RLIN) | 53624 |
| 852 ## - LOCALIZACIÓN | |
| Ubicación | ES-MaACL |
| Número de control de estantería | L-7897 |
| Sublocalización o colección | R.107380 |
| 852 ## - LOCALIZACIÓN | |
| Ubicación | ES-MaACL |
| Número de control de estantería | L-13608 |
| Sublocalización o colección | R.117229 |
| Nota libre | . - rust. |
| Estatus retirado | Estado de pérdida | Fuente del sistema de clasificación o colocación | Estado de daño | No para préstamo | Biblioteca de origen | Biblioteca actual | Ubicación en estantería | Fecha de adquisición | Número de inventario | Total de préstamos | Signatura topográfica completa | Código de barras | Visto por última vez | Precio de reemplazo | Tipo de ítem Koha | Restricciones de uso |
|---|---|---|---|---|---|---|---|---|---|---|---|---|---|---|---|---|
| Clasificación decimal universal | Biblioteca del Ateneo de Madrid | Biblioteca del Ateneo de Madrid | Depósito 2 | 17/01/2008 | R.117229 | L-13608 | 1006539 | 23/02/2023 | 23/02/2023 | Libro impreso | ||||||
| Clasificación decimal universal | Biblioteca del Ateneo de Madrid | Biblioteca del Ateneo de Madrid | Depósito 2 | 17/01/2008 | R.107380 | L-7897 | 1065119 | 23/02/2023 | 23/02/2023 | Libro impreso | Duplicado |
